Statistics for NFL Free Agency 2022

Click here to take the quiz!

General Stats

  • This quiz has been taken 103 times
  • The average score is 10 of 15

Answer Stats

TeamContractPositionPlayer% Correct
Bills6 year/120 millionEDGEVon Miller
96%
Chargers5 year/82.5 millionCBJC Jackson
93%
Saints2 year/28 millionQBJameis Winston
86%
Dolphins5 year/75 millionLTTerron Armstead
81%
Raiders3 year/52.5 millionEDGEChandler Jones
78%
Rams5 year/50 millionILBBobby Wagner
77%
Rams3 year/46.5 millionWRAllen Robinson
75%
Vikings3 year/42 millionEDGEZa'Darius Smith
66%
Bengals3 year/? millionOTLa'el Collins
64%
Ravens5 year/70 millionFSMarcus Williams
56%
Broncos5 year/70 millionEDGERandy Gregory
53%
Jaguars3 year/49.5 millionOGBrandon Scherff
49%
Packers5 year/50 millionILBDe'Vondre Campbell
45%
Bucs3 year/45 millionCBCarlton Davis
41%
Dolphins4 year/65.4 millionEDGEEmmanuel Ogbah
27%

Score Distribution

Percentile by Number Answered

Percent of People with Each Score

Your Score History

You have not taken this quiz